|
|
|
|
| LEADER |
01067nam a2200277 a 4500 |
| 001 |
00026592 |
| 003 |
BD-DhAAL |
| 008 |
130209s2009 gw a b 000 0 eng d |
| 020 |
|
|
|a 9783836502948
|
| 020 |
|
|
|a 9783836517933
|
| 040 |
|
|
|a BD-DhAAL
|c BD-DhAAL
|
| 082 |
0 |
0 |
|a 720.92
|2 22
|
| 100 |
1 |
|
|a Hadid, Zaha.
|9 32234
|
| 245 |
1 |
0 |
|a Hadid :
|b complete works 1979-2009 /
|c edited by Zaha Hadid and Philip Jodidio.
|
| 260 |
|
|
|a Köln ;
|a Hong Kong :
|b Taschen,
|c 2009
|
| 300 |
|
|
|a 600 pages :
|b illustrations ;
|c 39 cm.
|
| 504 |
|
|
|a Includes bibliographical references (p. 600)
|
| 526 |
|
|
|a ARC
|
| 541 |
1 |
|
|e 00026592
|
| 600 |
1 |
0 |
|a Hadid, Zaha
|y 1979 / 2009
|x catalogue raisonné.
|9 32235
|
| 600 |
1 |
0 |
|a Hadid, Zaha.
|9 32234
|
| 700 |
1 |
|
|a Jodidio, Philip.
|9 32236
|
| 852 |
1 |
|
|a Ayesha Abed Library
|j General Shelf.
|
| 942 |
|
|
|2 ddc
|c BK
|
| 999 |
|
|
|c 13172
|d 13172
|
| 952 |
|
|
|0 0
|1 0
|2 ddc
|4 0
|6 720_920000000000000_HAD
|7 0
|9 21926
|a BRACUL
|b BRACUL
|c GEN
|d 2013-02-10
|e Essence Science and Publishers
|g 12353.00
|l 8
|m 56
|o 720.92 HAD
|p 3010026592
|r 2022-10-30
|s 2022-09-27
|t 1
|w 2013-02-10
|y BK
|